Detalles MARC
| 000 -LEADER |
| fixed length control field |
02124nam a2200541Ii 4500 |
| 001 - CONTROL NUMBER |
| control field |
DIGVEDIV0041 |
| 008 - FIXED-LENGTH DATA ELEMENTS--GENERAL INFORMATION |
| fixed length control field |
140423t20122012sp ob 000 0 spa d |
| 003 - CONTROL NUMBER IDENTIFIER |
| control field |
NyNyDIG |
| 006 - FIXED-LENGTH DATA ELEMENTS--ADDITIONAL MATERIAL CHARACTERISTICS |
| fixed length control field |
m o d |
| 007 - PHYSICAL DESCRIPTION FIXED FIELD--GENERAL INFORMATION |
| fixed length control field |
cr ||||||||||| |
| 040 ## - CATALOGING SOURCE |
| Original cataloging agency |
DGITA |
| Language of cataloging |
eng |
| Description conventions |
rda |
| -- |
pn |
| Transcribing agency |
DGITA |
| 020 ## - INTERNATIONAL STANDARD BOOK NUMBER |
| International Standard Book Number |
9788499455303 |
| Qualifying information |
(eBook ; |
| -- |
pdf) |
| 020 ## - INTERNATIONAL STANDARD BOOK NUMBER |
| International Standard Book Number |
8499455301 |
| Qualifying information |
(eBook ; |
| -- |
pdf) |
| 020 ## - INTERNATIONAL STANDARD BOOK NUMBER |
| Canceled/invalid ISBN |
9788481697629 |
| 020 ## - INTERNATIONAL STANDARD BOOK NUMBER |
| Canceled/invalid ISBN |
8481697621 |
| 035 ## - SYSTEM CONTROL NUMBER |
| System control number |
(OCoLC)854568331 |
| 043 ## - GEOGRAPHIC AREA CODE |
| Geographic area code |
a-is--- |
| 050 14 - LIBRARY OF CONGRESS CALL NUMBER |
| Classification number |
DS121.7 eBook |
| 100 1# - MAIN ENTRY--PERSONAL NAME |
| Personal name |
Tassin, Claude, |
| Relator term |
author. |
| 240 10 - UNIFORM TITLE |
| Uniform title |
Des Maccabées à Hérode le Grand. |
| Language of a work |
Spanish |
| 245 10 - TITLE STATEMENT |
| Title |
De los Macabeos a Herodes el Grande / |
| Statement of responsibility, etc. |
Claude Tassin ; traducción: Pedro Barrado y Ma del Pilar Salas. |
| 264 #1 - PRODUCTION, PUBLICATION, DISTRIBUTION, MANUFACTURE, AND COPYRIGHT NOTICE |
| Place of production, publication, distribution, manufacture |
Estella (Navarra), España : |
| Name of producer, publisher, distributor, manufacturer |
Editorial Verbo Divino, |
| Date of production, publication, distribution, manufacture, or copyright notice |
2012 |
| 264 #4 - PRODUCTION, PUBLICATION, DISTRIBUTION, MANUFACTURE, AND COPYRIGHT NOTICE |
| Date of production, publication, distribution, manufacture, or copyright notice |
©2012 |
| 300 ## - PHYSICAL DESCRIPTION |
| Extent |
1 online resource (56 pages) |
| 336 ## - CONTENT TYPE |
| Content type term |
text |
| Content type code |
txt |
| Source |
rdacontent |
| 337 ## - MEDIA TYPE |
| Media type term |
computer |
| Media type code |
c |
| Source |
rdamedia |
| 338 ## - CARRIER TYPE |
| Carrier type term |
online resource |
| Carrier type code |
cr |
| Source |
rdacarrier |
| 490 1# - SERIES STATEMENT |
| Series statement |
Historia de Israel ; |
| Volume/sequential designation |
4a parte |
| 490 1# - SERIES STATEMENT |
| Series statement |
Cuadernos bíblicos ; |
| Volume/sequential designation |
136 |
| 504 ## - BIBLIOGRAPHY, ETC. NOTE |
| Bibliography, etc. note |
Includes bibliographical references. |
| 588 0# - SOURCE OF DESCRIPTION NOTE |
| Source of description note |
Online resource; title from ePub and PDF title page (Digitalia, viewed April 25, 2014) |
| 630 00 - SUBJECT ADDED ENTRY--UNIFORM TITLE |
| Uniform title |
Bible. |
| Name of part/section of a work |
Apocrypha. |
| -- |
Maccabees |
| General subdivision |
History of Biblical events. |
| 600 00 - SUBJECT ADDED ENTRY--PERSONAL NAME |
| Personal name |
Herod |
| Numeration |
I, |
| Titles and other words associated with a name |
King of Judea, |
| Dates associated with a name |
73 B.C.-4 B.C. |
| 650 #0 - SUBJECT ADDED ENTRY--TOPICAL TERM |
| Topical term or geographic name entry element |
Jews |
| General subdivision |
History |
| Chronological subdivision |
To 70 A.D. |
| 651 #0 - SUBJECT ADDED ENTRY--GEOGRAPHIC NAME |
| Geographic name |
Israel |
| General subdivision |
History. |
| 650 #0 - SUBJECT ADDED ENTRY--TOPICAL TERM |
| Topical term or geographic name entry element |
Maccabees. |
| 655 #0 - INDEX TERM--GENRE/FORM |
| Genre/form data or focus term |
Electronic books. |
| 700 1# - ADDED ENTRY--PERSONAL NAME |
| Personal name |
Barrado, Pedro, |
| Relator term |
transltor. |
| 700 1# - ADDED ENTRY--PERSONAL NAME |
| Personal name |
Salas, María del Pilar, |
| Relator term |
translator. |
| 791 2# - |
| -- |
Digitalia (Firm), |
| -- |
distributor. |
| 793 0# - |
| -- |
Digitalia eBook Collection: |
| -- |
Editorial Verbo Divino. |
| 776 08 - ADDITIONAL PHYSICAL FORM ENTRY |
| Relationship information |
Print version: |
| Main entry heading |
Tassin, Claude. |
| Title |
De los Macabeos a Herodes el Grande. |
| Place, publisher, and date of publication |
Estella (Navarra) : Editorial Verbo Divino, c2007 |
| International Standard Book Number |
9788481697629 |
| 800 1# - SERIES ADDED ENTRY--PERSONAL NAME |
| Personal name |
Tassin, Claude. |
| Title of a work |
Histoire d'Israël. |
| Language of a work |
Spanish ; |
| Volume/sequential designation |
4a parte. |
| 830 #0 - SERIES ADDED ENTRY--UNIFORM TITLE |
| Uniform title |
Cuadernos bíblicos ; |
| Volume/sequential designation |
136. |
| 856 40 - ELECTRONIC LOCATION AND ACCESS |
| Materials specified |
Digitalia Hispánica |
| Uniform Resource Identifier |
<a href="https://www.digitaliapublishing.com/a/20660/">https://www.digitaliapublishing.com/a/20660/</a> |
| 910 ## - USER-OPTION DATA (OCLC) |
| User-option data |
Premium Collection: 2013 |
| 942 ## - ADDED ENTRY ELEMENTS (KOHA) |
| Koha item type |
Recurso Electrónico |